000 01146naa a2200361 c 4500
001 36624
003 ES-MaCES
005 20130603131800.0
008 060606n2006 xxk t 000 | eng d
035 _aCES20060008929v
040 _aES-MaCES
_bspa
_cES-MaCES
245 0 0 _aStress at work
500 _aResumen
650 4 _acódigo del trabajo
_927163
650 4 _alegislación del trabajo
_927166
650 4 _amanual
_929264
650 4 _aseguridad en el trabajo
_928348
650 4 _asalud mental
_927001
650 4 _asalud en el trabajo
_928347
650 4 _amedicina del trabajo
_929360
650 4 _aenfermedad mental
_928684
650 4 _aenfermedad
_928679
650 4 _acondiciones difíciles de trabajo
_930038
650 4 _acondiciones de empleo
_930040
650 4 _aprevención
_929707
650 4 _atensión psicológica
_928344
650 4 _aestrés
_931076
653 1 0 _aRelaciones laborales-Empleo
773 0 _tLRD booklets
_gApr. 2006{10298 R. 064361}; p. 4-47
_w(ES-MaCES)25309
_949734
902 _aMON Monográfico de revista
942 _2CES
_cAR
_h2.0.
999 _c36624
_d36624